00736pam a2200229 a 45000010005000000030008000050050017000130080039000300200017000690350018000860400032001040410008001360820022001441000043001662450060002092500012002692600055002813000035003365040051003716500039004227000045004619642BD-RjUL20211208234819.0140121r20061991njua b 001 0 eng a0137471556 : a(BD-RjUL)9687 aDLCcDLCdDLCdBD-RjULbeng aeng00a545220bDAQ 20061 aDay, R. A.q(Reuben Alexander),d1915-10aQuantitative analysis /cR.A. Day, Jr., A.L. Underwood. a6th ed. aNew Delhi :bPrentice Hall,cc1991 [Reprint 2006]. axiii, 685 p. :bill. ;c27 cm. aIncludes bibliographical references and index. 0aChemistry, AnalyticxQuantitative.1 aUnderwood, A. L.q(Arthur Louis),d1924-